Mapping of Genes Involved in Neurological Disorders in Pakistani Families / (Record no. 527833)

000 -LEADER
fixed length control field 00584nam a22001697a 4500
082 ## - DEWEY DECIMAL CLASSIFICATION NUMBER
Classification number 200
100 ## - MAIN ENTRY--PERSONAL NAME
Personal name Ahmed, Iltaf
245 ## - TITLE STATEMENT
Title Mapping of Genes Involved in Neurological Disorders in Pakistani Families /
Statement of responsibility, etc. Iltaf Ahmed
260 ## - PUBLICATION, DISTRIBUTION, ETC.
Place of publication, distribution, etc. Islamabad:
Name of publisher, distributor, etc. ASAB - NUST,
Date of publication, distribution, etc. 2015.
300 ## - PHYSICAL DESCRIPTION
Extent 176 p.: ill.;
Dimensions 30cm.
650 ## - SUBJECT ADDED ENTRY--TOPICAL TERM
Topical term or geographic name entry element PhD- Healthcare Biotechnology
700 ## - ADDED ENTRY--PERSONAL NAME
Personal name Supervisor:Dr. Peter John.
856 ## - Uniform Resource Identifier
Uniform Resource Identifier <a href=" http://10.250.8.41:8080/xmlui/handle/123456789/25426"> http://10.250.8.41:8080/xmlui/handle/123456789/25426</a>
942 ## - ADDED ENTRY ELEMENTS (KOHA)
Source of classification or shelving scheme
Koha item type Soft Copy
650 ## - SUBJECT ADDED ENTRY--TOPICAL TERM
-- 123891
700 ## - ADDED ENTRY--PERSONAL NAME
-- 123944
Holdings
Withdrawn status Lost status Source of classification or shelving scheme Damaged status Not for loan Permanent Location Current Location Shelving location Date acquired Full call number Barcode Date last seen Price effective from Koha item type
          Central Library (CL) Central Library (CL) Thesis 08/17/2019 200 CLPT-336 08/17/2019 08/17/2019 Soft Copy
© 2023 Central Library, National University of Sciences and Technology. All Rights Reserved.